000 00633nam a2200193 i 4500
001 184910
003 ES-MaACL
005 20230906222315.0
008 160218s1945 egb |||| | eng d
100 1 _aMarsh, J. T.
_9158798
245 1 3 _aAn introduction to the chemistry of cellulose /
_cby J. T. Marsch and F. C. Wood ... ; with a foreword by Kenneth Lee.
250 _a3d ed. rev.
260 _aLondon :
_bChapmann and Hall,
_c1945.
300 _aXII, 525 p., XXIII lám. ;
_c25 cm.
650 4 _aCelulosa.
_9158799
700 0 _aWood, F. C.
_9117305
700 0 _aLee, Kenneth
_c, Sir.
_971186
852 _aES-MaACL
_jE-1830
999 _c184910
_d184910